000 00592nam a2200253Ia 4500
005 20260121154705.0
008 008 260114s9999 xx 000 0 eng d
020 _a9780429318795
037 _aEBOOK
040 _aCRL
040 _beng
040 _cCRL
041 _2eng
041 _aeng
084 _qCRL
100 _a Markus Franke
_91010303
245 0 _aManaging Airline Networks
260 _bTaylor and Francis
260 _c2021
856 _uhttp://www.taylorfrancis.com/books/9780429318795
942 _cEBOOK
999 _c1577124
_d1577124